| 000 | 00692nam a2200289Ia 4500 | ||
|---|---|---|---|
| 001 | 453 | ||
| 008 | 191123s9999 xx 000 0 und d | ||
| 041 | _aspa | ||
| 044 | _aag | ||
| 100 | _aOnelli, Clemente, | ||
| 245 | 0 |
_aAlfombras - tapices : _bI tejidos criollos. |
|
| 260 |
_aBuenos Aires : _bKraft, _c1916. |
||
| 300 |
_a54 p. _bláminas color y b/n |
||
| 504 | _aBibliografíapp. 53-54 | ||
| 650 | _aALFOMBRAS | ||
| 650 | _aTAPICES | ||
| 650 | _aTEJIDOS CRIOLLOS | ||
| 902 | _aM | ||
| 903 | _am | ||
| 904 | _am | ||
| 907 | _aImpreso | ||
| 911 | _aláminas color y b/n | ||
| 912 | _a1916 | ||
| 942 | _cLIBRO | ||
| 999 |
_c304 _d304 |
||
| 550 | _aláminas color y b/n | ||